<?xml version="1.0" encoding="UTF-8"?>
<record
    xmlns:xsi="http://www.w3.org/2001/XMLSchema-instance"
    xsi:schemaLocation="http://www.loc.gov/MARC21/slim http://www.loc.gov/standards/marcxml/schema/MARC21slim.xsd"
    xmlns="http://www.loc.gov/MARC21/slim">

  <leader>02562nam a22002057a 4500</leader>
  <controlfield tag="003">OSt</controlfield>
  <controlfield tag="005">20240219094546.0</controlfield>
  <controlfield tag="008">240206s2004    ag ||||| |||| 00| 0 spa d</controlfield>
  <datafield tag="020" ind1=" " ind2=" ">
    <subfield code="a">950460580X</subfield>
  </datafield>
  <datafield tag="040" ind1=" " ind2=" ">
    <subfield code="c">besoc</subfield>
  </datafield>
  <datafield tag="100" ind1="1" ind2=" ">
    <subfield code="a">Kechichian, Graciela K. de </subfield>
  </datafield>
  <datafield tag="245" ind1="1" ind2="0">
    <subfield code="a">Tecnolog&#xED;a II :</subfield>
    <subfield code="b">Energ&#xED;a y desarrollo tecnol&#xF3;gico : Tecnolog&#xED;as de la informaci&#xF3;n y de la comunicaci&#xF3;n : Tecnolog&#xED;as de gesti&#xF3;n /</subfield>
    <subfield code="c">Graciela K. de Kechichian, Adriana S. Cohan ; bajo la direcci&#xF3;n de Herminia M&#xE9;rega</subfield>
  </datafield>
  <datafield tag="260" ind1=" " ind2=" ">
    <subfield code="a">Buenos Aires :</subfield>
    <subfield code="b">Santillana,</subfield>
    <subfield code="c">2004</subfield>
  </datafield>
  <datafield tag="300" ind1=" " ind2=" ">
    <subfield code="a">191 p.</subfield>
  </datafield>
  <datafield tag="505" ind1="0" ind2=" ">
    <subfield code="a">1. Fuentes de energ&#xED;a y tecnolog&#xED;a: recursos energ&#xE9;ticos; de la fuente al consumo; aportes de la electricidad a la tecnolog&#xED;a; transformaciones de la energ&#xED;a -- 2. Fuentes de energ&#xED;a no renovables y tecnolog&#xED;a: tecnolog&#xED;as para la extracci&#xF3;n del carb&#xF3;n; el carb&#xF3;n, el petr&#xF3;leo y el gas; la revoluci&#xF3;n at&#xF3;mica, energ&#xED;a nuclear -- 3. Las energ&#xED;as renovables y la tecnolog&#xED;a: aprovechamiento de las energ&#xED;as hidr&#xE1;ulicas y  e&#xF3;licas; la energ&#xED;a solar; recursos generadores de energ&#xED;as menos difundidos -- 4. Las fuentes de energ&#xED;a y el ambiente: impacto ambiental del uso de recursos energ&#xE9;ticos; la recuperaci&#xF3;n de la energ&#xED;a; uso racional de la energ&#xED;a -- 5.Sistemas de comunicaci&#xF3;n: introducci&#xF3;n a los sistemas de comunicaci&#xF3;n el&#xE9;ctrica; los pioneros de la comunicaci&#xF3;n el&#xE9;ctrica; redes de telecomunicaciones -- 6. La transmisi&#xF3;n: c&#xF3;digos de transmisi&#xF3;n; artefactos anal&#xF3;gicos y digitales; Comunicaci&#xF3;n satelital -- 7. Tecnolog&#xED;a inform&#xE1;tica: &#xBF;qu&#xE9; es la programaci&#xF3;n?; tecnolog&#xED;a inform&#xE1;tica -- 8. La inform&#xE1;tica y el hombre: Tecnolog&#xED;a inform&#xE1;tica: su impacto en el desarrollo de la vida humana; realidad y virtualidad; inform&#xE1;tica y &#xE9;tica -- 9. La organizaci&#xF3;n: concepto y tipos de organizaci&#xF3;n; la estructura organizacional; V&#xED;nculos en la organizaci&#xF3;n empresarial -- 10. Las organizaciones hoy: el mercado de las organizaciones; planeamiento estrat&#xE9;gico; cultura e identidad de la organizaci&#xF3;n -- 11. Gesti&#xF3;n de calidad: sistemas de calidad; calidad ambiental y empresa -- 12. Microemprendimientos: las microempresas en el mundo de hoy; lo que debe saber una microempresa -- 13. Reingenier&#xED;a de las organizaciones: &#xBF;qu&#xE9; es la reingenier&#xED;a? -- 14. Buscar trabajo es todo un trabajo: el mundo del trabajo; formas de postulaciones en la b&#xFA;squeda de trabajo.- </subfield>
  </datafield>
  <datafield tag="650" ind1=" " ind2="4">
    <subfield code="a">Ense&#xF1;anza de la tecnolog&#xED;a</subfield>
    <subfield code="x">Educaci&#xF3;n polimodal</subfield>
  </datafield>
  <datafield tag="700" ind1="1" ind2=" ">
    <subfield code="a">Cohan, Adriana S.</subfield>
    <subfield code="e">autor</subfield>
  </datafield>
  <datafield tag="700" ind1="1" ind2=" ">
    <subfield code="a">M&#xE9;rega, Herminia </subfield>
  </datafield>
  <datafield tag="942" ind1=" " ind2=" ">
    <subfield code="2">udc</subfield>
    <subfield code="c">OG</subfield>
    <subfield code="n">0</subfield>
  </datafield>
  <datafield tag="999" ind1=" " ind2=" ">
    <subfield code="c">184</subfield>
    <subfield code="d">184</subfield>
  </datafield>
  <datafield tag="952" ind1=" " ind2=" ">
    <subfield code="0">0</subfield>
    <subfield code="1">0</subfield>
    <subfield code="2">lcc</subfield>
    <subfield code="4">0</subfield>
    <subfield code="7">0</subfield>
    <subfield code="8">CG</subfield>
    <subfield code="a">ESOCIALES</subfield>
    <subfield code="b">ESOCIALES</subfield>
    <subfield code="d">2024-02-19</subfield>
    <subfield code="l">0</subfield>
    <subfield code="o">62(075) K25</subfield>
    <subfield code="p">000935</subfield>
    <subfield code="r">2024-02-19 00:00:00</subfield>
    <subfield code="w">2024-02-19</subfield>
    <subfield code="y">OG</subfield>
  </datafield>
</record>
